| Tag |
First Indicator |
Second Indicator |
Subfields |
| LEADER |
00000cam a22000005 4500 |
| 001 |
in00000990481 |
| 005 |
20150927154415.0 |
| 008 |
850129n enk 00001 eng d |
| 035 |
|
|
|a (OCoLC)11632769
|
| 035 |
|
|
|9 AEY1541AM
|
| 040 |
|
|
|a CPS
|c CPS
|d OCL
|d UtOrBLW
|
| 049 |
|
|
|a TXAS [wode]
|
| 090 |
|
|
|a PR6045.O53
|b J69 1900z
|
| 100 |
1 |
|
|a Wodehouse, P. G.
|q (Pelham Grenville),
|d 1881-1975.
|
| 245 |
1 |
0 |
|a Joy in the morning.
|
| 264 |
|
1 |
|a London :
|b H. Jenkins,
|c [date of publication not identified]
|
| 300 |
|
|
|a 256 pages
|
| 336 |
|
|
|a text
|b txt
|2 rdacontent
|
| 337 |
|
|
|a unmediated
|b n
|2 rdamedia
|
| 338 |
|
|
|a volume
|b nc
|2 rdacarrier
|
| 999 |
|
|
|a MARS
|
| 999 |
f |
f |
|s 32914e5e-0bea-326e-a9f9-a4b11356f6f9
|i f6fcfc27-44c7-3075-8f80-e1187b7e31e4
|t 0
|
| 952 |
f |
f |
|p noncirc
|a Texas A&M University
|b College Station
|c Cushing Memorial Library & Archives
|d Cushing: Literature/Wodehouse (Does not check out)
|t 0
|e PR6045.O53 J69 1900z
|h Library of Congress classification
|i unmediated -- volume
|
| 998 |
f |
f |
|a PR6045.O53 J69 1900z
|t 0
|l Cushing: Literature/Wodehouse (Does not check out)
|